000 00573nam a2200205Ia 4500
005 20250923145034.0
008 008 250917s9999 xx 000 0 eng d
037 _aTextual
040 _aDSWL
_beng
_cDSWL
041 _aeng
_2eng
084 _aB28, N56
_qDSWL
100 _aNeiswanger, W.A.
_9831149
245 0 _aElementary statistical methods
_cby W.A. Neiswanger
260 _aNew York
_b McMillan Co.
_c1956
300 _axii,244 p.
365 _aUSD
_b8.25
925 _g8.25
942 _cTEXL
_hB28, N56
999 _c1446322
_d1446322